Validación quinta versión BAPERMOC
Gespeichert in:
| Hauptverfasser: | , , , , , |
|---|---|
| Format: | Buch |
| Sprache: | Spanisch |
| Veröffentlicht: |
Santiago
CPEIP
1994
|
| Schriftenreihe: | Serie de Estudios, 232
|
| Schlagworte: | |
| Tags: |
Tag hinzufügen
Keine Tags, Fügen Sie den ersten Tag hinzu!
|
MARC
| LEADER | 00000nam a2200000 a 4500 | ||
|---|---|---|---|
| 001 | UCU4884 | ||
| 003 | CL-VaPUC | ||
| 008 | 960531e19940000CL |||||||||||||||||spa|d | ||
| 082 | 0 | 4 | |a 371.71 |b TRU |2 21 |
| 100 | 0 | |a Trujillo Galindo, Héctor Santiago |e author |9 362608 | |
| 700 | 0 | |a Caro M., Alberto |e author |9 362609 | |
| 700 | 0 | |a Aranda R., América |e author |9 362610 | |
| 700 | 0 | |a Latorre, R. Eric |e author |9 362611 | |
| 700 | 0 | |a Valcke S., Carlina |e author |9 362612 | |
| 700 | 0 | |a Orellana A., Nelly |e author |9 362613 | |
| 245 | 1 | 0 | |a Validación quinta versión BAPERMOC |
| 300 | |a v | ||
| 942 | |c BK | ||
| 945 | |d 19960531 00:00:00 |a rbrito | ||
| 260 | |a Santiago |b CPEIP |c 1994 | ||
| 650 | 7 | |a MOTRICIDAD |2 CL-VaPUC |9 307419 | |
| 650 | 0 | |a Aptitud motora |9 307353 | |
| 650 | 0 | |a Educación básica |9 224933 | |
| 650 | 0 | |a Actividades sensoriomotrices |9 335908 | |
| 583 | |a last modification |c 19960531 00:00:00 |k Rodrigo Vera | ||
| 490 | 0 | |a Serie de Estudios, 232 | |
| 999 | |c 248412 |d 248410 | ||
| 952 | |0 0 |1 0 |4 0 |6 371_710000000000000_TRU_1994 |7 0 |8 P |9 265022 |a BIBEDU |b BIBEDU |c BIBEDU_PB |d 2019-11-19 |i 3205649 |o 371.71 TRU 1994 |p 3205649 |r 2024-01-25 |w 2019-11-19 |y BK |k EFI | ||